| 000 | 00565nam a2200169 i 4500 | ||
|---|---|---|---|
| 001 | 141286 | ||
| 003 | ES-MaACL | ||
| 005 | 20230906200249.0 | ||
| 007 | t| | ||
| 008 | 070920s1973 sp ||||1| spa d | ||
| 100 | 1 |
_aVives Codina, José. _9115582 |
|
| 245 | 1 | 3 |
_aLa naturaleza _b: compendio de ciencias naturales / _cpor José Vives Codina y Rosa Mª Santa-Eulalia Guarch. |
| 260 |
_aBarcelona : _bBosch, _c[1973] |
||
| 300 |
_a164 p., 3 lám. : _bil. ; _c21 cm. |
||
| 700 | 1 |
_aSanta-Eulalia Guarch, Rosa María. _9103242 |
|
| 852 |
_aES-MaACL _jC-54892 _bR.87603 |
||
| 999 |
_c141286 _d141286 |
||